El Proceso de municipalización en el sector rural chileno /
Análisis sobre la municipalización que el gobierno militar está llevando a cabo a nivel nacional en Chile. Es una descentralización administrativa con miras a la nueva "institucionalidad" donde se busca hacer irreversibles los cambios operados por la acción del autoritarismo y del neoliber...
Αποθηκεύτηκε σε:
| Κύριος συγγραφέας: | |
|---|---|
| Συγγραφή απο Οργανισμό/Αρχή: | |
| Μορφή: | Πρακτικό Συνεδρίου |
| Γλώσσα: | Spanish |
| Έκδοση: |
Punta de Tralca, Chile :
GIA. FLACSO,
1988
|
| Θέματα: | |
| Ετικέτες: |
Προσθήκη ετικέτας
Δεν υπάρχουν, Καταχωρήστε ετικέτα πρώτοι!
|
MARC
| LEADER | 00000 a a2200000 04500 | ||
|---|---|---|---|
| 001 | 1902 | ||
| 003 | cru IIS | ||
| 005 | 20220124131520.0 | ||
| 008 | 220124b |||||||| |||| 00| 0 spa d | ||
| 040 | |c CRAI/IIS | ||
| 090 | |a 10525.00 | ||
| 100 | |a Cruz, María Elena | ||
| 245 | 1 | 3 | |a El Proceso de municipalización en el sector rural chileno / |c María Elena Cruz |
| 260 | |a Punta de Tralca, Chile : |b GIA. FLACSO, |c 1988 | ||
| 300 | |a 20 páginas | ||
| 520 | |a Análisis sobre la municipalización que el gobierno militar está llevando a cabo a nivel nacional en Chile. Es una descentralización administrativa con miras a la nueva "institucionalidad" donde se busca hacer irreversibles los cambios operados por la acción del autoritarismo y del neoliberalismo. La municipalidad como institución está planteada en lo urbano, como en lo rural, adquiriendo relevancia en el campo debido a: a.-los cambios estructurales producidos en la agricultura. b.-nueva importancia a los espacios residenciales. c.-factores históricos y presentes relacionados con el poder (esta acción ha tenido mayor rentabilidad política en este sector que en lo urbano) d.-la importancia de la regionalización. e.-la agricultura como espacio de acumulación. Haciendo un balance se determinan que hay elementos positivos y negativos en esta acción, en lo positivo tenemos el acercamiento del gobierno a los problemas de los ciudadanos, la eventual desburocratización aunque se plantea una nueva burocracia especializada y coordinación de los organismos públicos en servicios y desarrollo. Por otro lado viendo los aspectos negativos dice que los gobiernos locales son designados y no electos popularmente, teniendo en sus funciones fuertes responsabilidades, sin control de fondos. No hay participación de las organizaciones sociales de empresarios o trabajadores. Piensa que éstas instituciones pueden ser de una gran significancia en el proceso de vuelta a la democratización del país. MR/JM | ||
| 650 | |a GOBIERNO LOCAL | ||
| 650 | |a AGRICULTURA | ||
| 650 | |a ECONOMIA AGRARIA | ||
| 711 | 2 | |9 9492 |a Seminario Internacional: La Agricultura Latinoamericana: crisis, transformaciones y perspectivas. |c Punta de Tralca, Chile, |d 1988 septiembre 1-4 | |
| 942 | |2 ddc |c LI | ||
| 999 | |c 3919 |d 3919 | ||
